Normal view
MARC view
- البنوك الاسلامية-تحويل
Entry Topical Term
001 - CONTROL NUMBER
- control field: 59594
003 - CONTROL NUMBER IDENTIFIER
- control field: JO-AjAnu
005 - DATE AND TIME OF LATEST TRANSACTION
- control field: 20230606083738.0
008 - FIXED-LENGTH DATA ELEMENTS
- fixed length control field: 230606|| aca||aabn | a|a d
040 ## - CATALOGING SOURCE
- Original cataloging agency: JO-AjAnu
- Transcribing agency: JO-AjAnu
150 ## - HEADING--TOPICAL TERM
- Topical term or geographic name entry element: البنوك الاسلامية-تحويل
670 ## - SOURCE DATA FOUND
- Source citation: Work cat.: (JO-AjAnu)30393: إعداد عباسي،ماهر داود؛ إشراف فخري ابو صفية, author 59593, معوقات تطبيق صيغ التمويل الإسلامية الزراعية -مؤسسة الإقراض الزراعي =Obstacles of the Implementation of Islamic Agricultural Finance Transactions -Jordan Agricultural Credit Corporation